Textbook of Surveying (Record no. 7448)

MARC details
000 -LEADER
fixed length control field 00432nam a2200169 a 4500
082 ## - DEWEY DECIMAL CLASSIFICATION NUMBER
Classification number 526.9HUS
100 1# - MAIN ENTRY--AUTHOR NAME
Personal name Husain, S.K.
245 10 - TITLE STATEMENT
Title Textbook of Surveying
250 ## - EDITION STATEMENT
Edition statement 5th ed.
260 ## - PUBLICATION, DISTRIBUTION, ETC. (IMPRINT)
Place of publication New Delhi
Name of publisher S Chand & Co Ltd,
Year of publication 1987.
300 ## - PHYSICAL DESCRIPTION
Number of Pages 661 p.
650 ## - SUBJECT ADDED ENTRY--TOPICAL TERM
Topical Term Surveying
700 1# - ADDED ENTRY--PERSONAL NAME
Personal name Magarat, M.S.
700 1# - ADDED ENTRY--PERSONAL NAME
Personal name Nagaraj, M.S.
856 40 - ELECTRONIC LOCATION AND ACCESS
Uniform Resource Identifier http://www.amazon.com/exec/obidos/ASIN/8121904234/chopaconline-20
942 ## - ADDED ENTRY ELEMENTS (KOHA)
Koha item type Books
Holdings
Withdrawn status Lost status Collection code Home library Current library Date acquired Cost, normal purchase price Full call number Accession Number Koha item type
      Central Library, QUEST, Nawabshah Central Library, QUEST, Nawabshah 23/06/2014 96.00 526.9HUS 14595 Books
    Reference Reference Section Reference Section 23/06/2014 96.00 526.9HUS (Shelf - 31E) 14594 Books